Propiedad horizontal, conjuntos inmobiliarios y tiempo compartido (Registro nro. 3419)
[ vista simple ]
| 000 -LEADER | |
|---|---|
| fixed length control field | 00979 a2200229 4500 |
| 001 - CONTROL NUMBER | |
| control field | 41200 |
| 005 - DATE AND TIME OF LATEST TRANSACTION | |
| control field | 20260407155706.0 |
| 008 - FIXED-LENGTH DATA ELEMENTS--GENERAL INFORMATION | |
| fixed length control field | 260407a2012 arg spa d |
| 003 - CONTROL NUMBER IDENTIFIER | |
| control field | AR-UNSa-BCEJYS |
| 040 ## - CATALOGING SOURCE | |
| Original cataloging agency | AR-UNSa-BCEJYS |
| Language of cataloging | spa |
| Transcribing agency | AR-UNSa-BCEJYS |
| 080 ## - UNIVERSAL DECIMAL CLASSIFICATION NUMBER | |
| Universal Decimal Classification number | 347.238.3 |
| Common auxiliary subdivision | Otras clases de copropiedad; p.e., propiedad horizontal |
| 020 ## - INTERNATIONAL STANDARD BOOK NUMBER | |
| International Standard Book Number | 978-950-894-893-9 |
| 041 ## - LANGUAGE CODE | |
| Language code of text/sound track or separate title | spa |
| 100 1# - MAIN ENTRY--PERSONAL NAME | |
| Personal name | Cura Grassi, Domingo César |
| 245 10 - TITLE STATEMENT | |
| Title | Propiedad horizontal, conjuntos inmobiliarios y tiempo compartido |
| 264 #1 - PRODUCTION, PUBLICATION, DISTRIBUTION, MANUFACTURE, AND COPYRIGHT NOTICE | |
| Place of production, publication, distribution, manufacture | Buenos Aires : |
| Name of producer, publisher, distributor, manufacturer | AD-HOC |
| Date of production, publication, distribution, manufacture, or copyright notice | 2012 |
| 300 ## - PHYSICAL DESCRIPTION | |
| Extent | 175 p. |
| Dimensions | 23 cm. |
| 505 ## - FORMATTED CONTENTS NOTE | |
| Formatted contents note | 1. Propiedad horizontal - 2. Sistema turístico de tiempo compartido - 3. Opinión autoral - 4. Proyecto de Código Civil y Comercial de la Nación - 5. Síntesis jurisprudencial - 6. Apéndice legislativo |
| 590 ## - LOCAL NOTE (RLIN) | |
| Local note | niveau_biblio:m niveau_hierar:0 |
| 856 41 - ELECTRONIC LOCATION AND ACCESS | |
| Uniform Resource Identifier | <a href="https://biblioeco.unsa.edu.ar/pmb/images/libros/propiedadHorizontal.jpg">https://biblioeco.unsa.edu.ar/pmb/images/libros/propiedadHorizontal.jpg</a> |
| Link text | Imagen de portada |
| Electronic format type | image/jpeg |
| 942 ## - ADDED ENTRY ELEMENTS (KOHA) | |
| Koha item type | |
| Withdrawn status | Lost status | Damaged status | Not for loan | Home library | Current library | Shelving location | Date acquired | Total checkouts | Full call number | Barcode | Date last seen | Price effective from | Koha item type |
|---|---|---|---|---|---|---|---|---|---|---|---|---|---|
| Biblioteca Prof. Eusebio Cleto del Rey | Biblioteca Prof. Eusebio Cleto del Rey | 07/04/2026 | 347.238.3 C975 | L126427 | 07/04/2026 | 07/04/2026 | Libro |